00347nam a2200145Ia 4500003000500000008004100005020001500046040001900061082000700080100001800087245003300105260004400138300000700182546001200189STCL181203s9999 xx 000 0 und d a8187655844 aSTCLbENcSTCL 222 aMathew, David 0aWhen the Alchemist passes by bCarmel International aTrivandrumc2006 a53 aEnglish